Роксолана (Запис номер 128283)
[ съкратено ]
| 000 -Лидер | |
|---|---|
| Контролно поле с фиксирана дължина | 01387nam a2200337 c 4500 |
| 003 - Код на организацията, давaща контролен номер | |
| Контролно поле | BLK |
| 005 - Дата и час на последна редакция | |
| Контролно поле | 20240514170817.0 |
| 008 - Елементи от данни с фиксирана дължина | |
| fixed length control field | 180409b bul|||||r ||||||| ||bul|| |
| 010 ## - Наследен системен номер | |
| LC control number | KNG00134002000 |
| 040 ## - Източник на каталожния запис | |
| Идентификатор на билиотеката - собственик на записа | BLK |
| 041 ## - Код за език | |
| Код за езика на текст/звукозапис или на отделно заглавие | Български |
| Код за езика КДБФ | Български |
| 080 ## - УДК | |
| Текстов определител УДК | Руска литература |
| УДК код - определител по УДК | 821.161.1 |
| УДК определител | -311.6 |
| УДК - код + определител | 821.161.1-311.6 |
| 080 ## - УДК | |
| Текстов определител УДК | Украинска литература |
| УДК код - определител по УДК | 821.161.2 |
| УДК определител | -311.6 |
| УДК - код + определител | 821.161.2-311.6 |
| 100 1# - Редна дума - Автор | |
| Автор | Загребелни, Павло Архипович |
| Авторска отговорност | първи автор |
| R(LIN) | 68803 |
| 139 ## - Редно поле | |
| Редна дума | Загребелни, Павло Архипович |
| Авторски знак | Загорч - З 19 |
| 245 10 - Сведения за заглавието | |
| Заглавие | Роксолана |
| Подзаглавни данни | Роман |
| Редно поле (дума) | Павло Архипович Загребелни; прев. от рус. Мария Петкова. |
| 250 ## - Област на изданието | |
| Сведения за изданието | 2. изд. |
| 257 ## - Страна на издаване | |
| Страна на създаване/издаване | Украйна |
| 260 ## - Област на издателските данни | |
| -- | Москва ; София |
| Име на издателя, разпространителя и проч. | Радуга |
| Година на издаване | 1989 |
| 300 ## - Физическа характеристика | |
| Страници | 560 с. |
| Илюстрации и др. | с ил. |
| Размери/Мащаб | 22 см |
| 380 ## - Жанр | |
| Жанр | Худож. лит. |
| 500 ## - Общи забележки | |
| Забележка | 1. изд. 1987. - Офс. изд. - Съвместно съв.-бълг. изд. - 40 000 тир. |
| 653 ## - Ключова дума – ненормативна | |
| Ключова дума | исторически романи |
| 700 1# - Други автори (авторска отговорност) | |
| Лично име | Петкова, Мария |
| Автороска отговорност (Описва отношението между автора и произведението) | прев. от рус. |
| 9 (RLIN) | 368831 |
| 852 ## - Местоположение | |
| Форматна сигнатура | Цб 156909 |
| 856 4# - Електронен адрес и достъп | |
| Електронен формат | pdf - файл |
| Път до файла /url/ | |
| 856 4# - Електронен адрес и достъп | |
| Електронен формат | pdf - файл |
| Път до файла /url/ | |
| 942 ## - АРТИКУЛИ | |
| Вид на библиотечния материал | Книги |
| Скрит в OPAC | Не |
| Koha issues (borrowed), all copies | 6 |
| 944 ## - СЪЗДАВАНЕ И РЕДАКЦИЯ на ЗАПИСА | |
| Създаване/Редакция | Създаване |
| Дата на регистрацията/редакция | 24.09.2012 |
| Статус, дата на статуса | Цветелина Шанова |
| Служител, извършил регистрацията/редакцията | 30531 |
| 944 ## - СЪЗДАВАНЕ И РЕДАКЦИЯ на ЗАПИСА | |
| Създаване/Редакция | Редакция |
| Дата на регистрацията/редакция | 25.05.2017 |
| Статус, дата на статуса | ф / |
| Служител, извършил регистрацията/редакцията | Людмила_Стоянова |
| 999 ## - СИСТЕМНИ КОНТРОЛНИ НОМЕРА | |
| Koha biblionumber | 128283 |
| Koha biblioitemnumber | 128283 |
| Код за отписване | Код за изгубен артикул | Източник на класификационната схема | Код за повреда | Коз за рестрикции | Код за отдаване | Артикулен № | Име на библиотеката - собственик | Име на библиотеката, в която се намира в момента | Статус (Текущо местоположение) | Дата на вписване в системата | Местоположение - отдел | Цена в лева | Инвентарен номер | Систематично азбучна сигнатура | Баркод | Номер на екземпляра | Цена в евро | Служебна бележка | Служебен тип на артикула |
|---|---|---|---|---|---|---|---|---|---|---|---|---|---|---|---|---|---|---|---|
| Не е изгубен | Universal Decimal Classification | Не е повреден | без рестрикции | ползва се в читалня | 208508 | Регионална библиотека "Любен Каравелов" Русе | Регионална библиотека "Любен Каравелов" Русе | Хранилище | 1989-01-01 | Основен фонд - ползва се само за читалня | 2.85 | 512627 | Цб 156909 | 120000512627 | 1 | 1.46 | Дост: Pk Вид: Ф N: стар фонд Дата: 01.01.1989 | Книги | |
| Изтеглен | Не е изгубен | Universal Decimal Classification | Не е повреден | без рестрикции | заемане за дома | 208509 | Регионална библиотека "Любен Каравелов" Русе | Регионална библиотека "Любен Каравелов" Русе | Заемна - подръчен фонд | 1989-01-01 | Заемна - подръчен фонд | 2.85 | 512628 | П 882-31/З 19 | 512628 | 2 | 1.46 | Дост: Pk Вид: Ф N: стар фонд Дата: 01.01.1989 | Книги |
| Изтеглен | Не е изгубен | Universal Decimal Classification | Не е повреден | без рестрикции | заемане за дома | 208510 | Регионална библиотека "Любен Каравелов" Русе | Регионална библиотека "Любен Каравелов" Русе | Заемна - подръчен фонд | 1989-01-01 | Заемна - подръчен фонд | 2.85 | 512629 | П 882-31/З 19 | 512629 | 3 | 1.46 | Дост: Pk Вид: Ф N: стар фонд Дата: 01.01.1989 | Книги |
| Не е изгубен | Universal Decimal Classification | Не е повреден | без рестрикции | заемане за дома | 208511 | Регионална библиотека "Любен Каравелов" Русе | Регионална библиотека "Любен Каравелов" Русе | Заемна - подръчен фонд | 1989-01-01 | Заемна - подръчен фонд | 2.85 | 512630 | П 821.161.1-31/З 19 | 120000512630 | 4 | 1.46 | Дост: Pk Вид: Ф N: стар фонд Дата: 01.01.1989 Бележки инв. П2018 | Книги | |
| Не е изгубен | Universal Decimal Classification | Не е повреден | без рестрикции | заемане за дома | 208512 | Регионална библиотека "Любен Каравелов" Русе | Регионална библиотека "Любен Каравелов" Русе | Заемна - подръчен фонд | 2017-05-04 | Заемна - подръчен фонд | 23.00 | 120000810478 | П 821.161.1-31/З 19 | 120000810478 | 5 | 11.76 | Дост: DA Вид: А N: 19 Дата: 04.05.2017 | Книги |